Управление мощностными ресурсами

গ্রন্থ-পঞ্জীর বিবরন
প্রধান লেখক: Побурко Я. А. Ярослав Алексеевич
অন্যান্য লেখক: Стефанишин Г. С. Галина Степановна
ভাষা:রুশ
প্রকাশিত: Киев, Технiка, 1986
বিষয়গুলি:
বিন্যাস: MixedMaterials গ্রন্থ
KOHA link:https://koha.lib.tpu.ru/cgi-bin/koha/opac-detail.pl?biblionumber=265626

MARC

LEADER 00000nam0a2200000 4500
001 265626
005 20231031223228.0
020 |a RU  |b 86-75218 
035 |a (RuTPU)RU\TPU\book\288628 
090 |a 265626 
100 |a 20140627d1986 k a0rusy5003 ca 
101 0 |a rus 
102 |a UA 
105 |a a z 001zy 
200 1 |a Управление мощностными ресурсами  |f Я. А. Побурко, Г. С. Стефанишин 
210 |a Киев  |c Технiка  |d 1986 
215 |a 110 с.  |c ил. 
320 |a Библиогр.: с. 108-109 (24 назв.) 
606 1 |a Промышленные предприятия  |2 stltpush  |3 (RuTPU)RU\TPU\subj\52746 
610 1 |a производственная мощность 
610 1 |a ресурсы 
610 1 |a управление 
675 |a 658.27  |z rus 
700 1 |a Побурко  |b Я. А.  |g Ярослав Алексеевич  |4 070 
701 1 |a Стефанишин  |b Г. С.  |g Галина Степановна  |4 070 
801 0 |a RU  |b RuMRKP  |c 19950704  |g psbo 
801 1 |a RU  |b 63413507  |c 20140627 
801 2 |a RU  |b 63413507  |c 20151020  |g RCR 
942 |c BK